Major Moons of the Solar System - Statistics

General Stats
  • This quiz has been taken 27 times
  • The average score is 18 of 44
Answer Stats
Hint Answer % Correct
Earth Moon
100%
Saturn Titan
94%
Jupiter Europa
89%
Mars Phobos
83%
Mars Deimos
78%
Jupiter Io
78%
Jupiter Ganymede
72%
Jupiter Callisto
67%
Saturn Enceladus
61%
Saturn Rhea
61%
Saturn Iapetus
56%
Uranus Miranda
56%
Uranus Oberon
56%
Uranus Titania
56%
Neptune Triton
56%
Uranus Ariel
50%
Pluto (Binary) Charon
50%
Saturn Mimas
50%
Pluto Nix
50%
Saturn Dione
44%
Pluto Hydra
44%
Saturn Tethys
44%
Uranus Umbriel
44%
Pluto Styx
39%
Eris (Binary) Dysnomia
28%
Neptune Proteus
28%
Pluto Kerberos
22%
Neptune Nereid
22%
Venus (Quasi) Zoozve
22%
Haumea Hi'iaka
17%
Haumea Namaka
17%
Gonggong Xiangliu
17%
Earth (Quasi) 2025 PN7
11%
Salacia (Binary) Actaea
11%
Earth (Quasi) Cardea
11%
Ida Dactyl
11%
Didymos Dimorphos
11%
Earth (Quasi) Kamo'oalewa
11%
Orcus (Binary) Vanth
11%
Quaoar Weywot
11%
Varda (Binary) Ilmare
6%
Sylvia Remus
6%
Sylvia Romulus
6%
Patroclus (Binary) Menoetius
0%
No matching quizzes found
Score Distribution
Percent of People with Each Score
Percentile by Number Answered
Your Score History
You have not taken this quiz